| 000 | 01417 a2200361 4500 | ||
|---|---|---|---|
| 001 | 200421530 | ||
| 999 |
_c200421530 _d26137 |
||
| 003 | TR-AnTOB | ||
| 005 | 20240821142450.0 | ||
| 008 | 150311b tu 000 0 | ||
| 020 | _a9786055461126 | ||
| 040 |
_aTR-AnTOB _btur _erda |
||
| 041 | 0 |
_atur _beng |
|
| 050 | 0 | 0 |
_aDR503 _bL6920 2011 |
| 090 | _aDR503.L6920 2011 | ||
| 100 | 1 |
_aLowry, Heath W., _d1942- _969144 |
|
| 245 | 1 | 0 |
_aHersekzade Ahmed Paşa : _ban Ottoman Statesman's career & pious endowments = Hersekzade Ahmed Paşa: bir Osmanlı devlet adamının meslek hayatı ve kurduğu vakıflar / _cHeath W. Lowry ; çeviri, M. Alper Öztürk. |
| 264 |
_aİstanbul : _bBahçeşehir Üniversitesi Yayınları, _c2011. |
||
| 300 |
_aix, 113 pages. : _bill. (some col.),map, facsimile ; _c23 cm. |
||
| 336 |
_atext _2rdacontent |
||
| 337 |
_aunmediated _2rdamedia |
||
| 338 |
_avolume _2rdacarrier |
||
| 490 | 0 |
_aOccasional papers in history ; _v4 |
|
| 504 | _aIncludes bibliographical references (p. 109-113). | ||
| 600 | 1 |
_aAhmet Paşa Hersekzade, _d-1516 or 1517 _9104739 |
|
| 650 | 0 | 0 |
_aWaqf _zTurkey _xHistory _926836 |
| 650 | 0 | 0 |
_aEndowments _zTurkey _xHistory _9101619 |
| 650 | 0 | 0 |
_aStatesmen _zTurkey _vBiography _xBiography. _946758 |
| 651 | 0 |
_aKeşan (Turkey) _xHistory _y16th century _9104742 |
|
| 651 | 0 |
_aEdirne (Turkey) _xHistory _y16th century _9104741 |
|
| 700 | 1 |
_aÖztürk, M. Alper _9104740 |
|
| 942 | _cBK | ||